Statistics for The "Toughest" Quiz

Click here to take the quiz!

General Stats

  • This quiz has been taken 10 times
  • The average score is 4 of 11

Answer Stats

HintAnswer% Correct
Toughest mineral.Diamond
90%
When the going gets tough, the tough get _____.Going
70%
Consistently ranked as the toughest college to get into.Harvard
60%
"La Campanella" (by Franz Liszt) is the toughest piece to perform on this instrument.Piano
50%
New Kids on the Block Song, ______ Tough.Hangin'
40%
The Master _________ Exam, to become a top wine steward.Sommelier
40%
Toughest Mountain to climb.Annapurna
20%
Toughest part of SEAL training.Hell Week
10%
Toughest cut of beef.Shank
10%
Life is tough, but so are ___.You
10%
Examples include China's Gaokao or India's JEE. Both are much harder than the SAT.College Entrance Exam
0%

Score Distribution

Percentile by Number Answered

Percent of People with Each Score

Your Score History

You have not taken this quiz